00708nam a2200193 a 4500001001000000005001700010008004100027041000800068044000700076050002400083100002800107245014900135260005000284300003200334500003000366500000900396600005000405651005900455BRCA_353520190320204326.0290709s1882----be-b---###---#000-0#fre-# afre abe 4aF1233.M3b.S37 18821 aSchrynmakers, Arsene de10aLe MexiquebHistorie de 1´etablissement et de la chute del 1´empire de Maximilien, d´aprés des documents officielscpar A. de Schrynmakers. aBruxellesbPolytechnique Decq et Duhentc1882 a400 p.bil., 1 mapac23 cm. aIncluye tabla de materias aB20214aMaximilianocEmperador de Méxicod1832-1867 4aMéxicoxHistoriayIntervención francesa, 1861-1867